| 000 | 00441nam a2200157 i 4500 | ||
|---|---|---|---|
| 001 | 25860 | ||
| 003 | ES-MaACL | ||
| 005 | 20230906153339.0 | ||
| 007 | t| | ||
| 008 | 030103s1967 sp ||||1| spa d | ||
| 100 | 1 |
_aArjona, Jaime Homero. _922887 |
|
| 245 | 1 | 0 |
_aSonetos epigramáticos / _cJaime Homero Arjona. |
| 260 |
_a[Madrid : _bs.n., _c1967] ( _fGráf. Potenciano) |
||
| 300 |
_a63 p. ; _c22 cm. |
||
| 852 |
_aES-MaACL _jC-36427 _bR.69748 |
||
| 999 |
_c25860 _d25860 |
||